| 000 | 00556nam a2200181Ia 4500 | ||
|---|---|---|---|
| 008 | 090123s9999 xx 000 0 und d | ||
| 082 |
_b21800 _a891.463/भसे |
||
| 100 | _aभसे पोपटराव | ||
| 245 | _aहाय सोसायटी | ||
| 250 | _a1 | ||
| 260 |
_bशांती प्रकाशन _c1992 |
||
| 300 | _a208 | ||
| 600 | _aभसे पोपटराव | ||
| 630 | _aहाय सोसायटी | ||
| 700 | _aभसे पोपटराव | ||
| 730 | _aहाय सोसायटी | ||
| 942 | _cBOOK | ||
| 999 |
_c59872 _d59872 |
||